Villes, voyages, voyageurs (notice n° 2004716)

détails MARC
000 -LEADER
fixed length control field 00993cam a2200145 4500500
005 - DATE AND TIME OF LATEST TRANSACTION
control field 20260329051829.0
041 ## - LANGUAGE CODE
Language code of text/sound track or separate title fre
042 ## - AUTHENTICATION CODE
Authentication code dc
100 10 - MAIN ENTRY--PERSONAL NAME
Personal name Payen, Catherine
Relator term author
245 00 - TITLE STATEMENT
Title Villes, voyages, voyageurs
260 ## - PUBLICATION, DISTRIBUTION, ETC.
Name of publisher, distributor, etc. L'Harmattan,<br/>
Date of publication, distribution, etc. 2005.<br/>
520 ## - SUMMARY, ETC.
Summary, etc. Cet ouvrage est le reflet des débats qui ont animé la rencontre «Villes, voyages, voyageurs &amp;#8239;; regards sur l’Autre et l’ailleurs«, organisée dans le cadre de la première Biennale de la ville et du voyage qui s’est déroulée à Villeurbanne. Cette rencontre se proposait de»croiser les regards«sur un horizon urbain fortement marqué par la croissance des échanges touristiques et par l’impact de la mondialisation. Ce volume constitue ainsi une invitation collective à la poursuite du débat sur le devenir de la civilisation urbaine.
700 10 - ADDED ENTRY--PERSONAL NAME
Personal name Gras, Pierre
Relator term author
856 41 - ELECTRONIC LOCATION AND ACCESS
Uniform Resource Identifier <a href="https://shs.cairn.info/villes-voyages-voyageurs--9782747580199?lang=fr&redirect-ssocas=7080">https://shs.cairn.info/villes-voyages-voyageurs--9782747580199?lang=fr&redirect-ssocas=7080</a>

Pas d'exemplaire disponible.

PLUDOC

PLUDOC est la plateforme unique et centralisée de gestion des bibliothèques physiques et numériques de Guinée administré par le CEDUST. Elle est la plus grande base de données de ressources documentaires pour les Étudiants, Enseignants chercheurs et Chercheurs de Guinée.

Adresse

627 919 101/664 919 101

25 boulevard du commerce
Kaloum, Conakry, Guinée

Réseaux sociaux

Powered by Netsen Group @ 2025